• 首页
  • 本馆介绍
  • 公告通知
  • 最新文献
  • 馆藏检索
  • 电子资源
  • 读者导购
  • 参考咨询
  • 我的图书馆
  • 登录
  • 详细信息显示
  • 放入我的书架
  • 预约/预借图书
  • 作者相关作品
  • 分类相关作品
  • 丛书相关作品
  • 出版社相关作品

书目信息

  • 表格格式
  • 工作单格式
  • 卡片格式
题名:
轻松看懂汽车电路图
    
 
作者: 艾娜 主编
分册:  
出版信息: 北京   中国电力出版社  2014
页数: 175页
开本: 21cm
丛书名:
单 册:
中图分类: U463.620.2
科图分类:
主题词: 汽车--电气设备--电路图--识别
电子资源:
ISBN: 978-7-5123-5852-2
000 00828nam0 2200241 450
001 012015000117
005 20151130144556.39
010    @a978-7-5123-5852-2@dCNY18.00
100    @a20141108d2014 em y0chiy0110 ea
101 0  @achi
102    @aCN@b110000
105    @aa z 000yy
106    @ar
200 1  @a轻松看懂汽车电路图@Aqing song kan dong qi che dian lu tu@f艾娜主编
210    @a北京@c中国电力出版社@d2014
215    @a175页@c图@d21cm
300    @a无师自通系列书
330    @a本书从汽车电路基本知识出发,系统介绍了基础知识、汽车电路中常用的电器元件、汽车电路图大致的识读方法使读者能较快且容易地了解汽车电路的组成及基本原理。
606 0  @a汽车@x电气设备@x电路图@x识别
690    @aU463.620.2@v5
701  0 @a艾娜@Aai na@c(汽车电路)@4主编
801  0 @aCN@b碧洲教育@c20151127
905    @a10447@f4@dU463.620.2@e274
    
    轻松看懂汽车电路图/艾娜主编.-北京:中国电力出版社,2014
    175页:图;21cm
    无师自通系列书
    
    ISBN 978-7-5123-5852-2:CNY18.00
    本书从汽车电路基本知识出发,系统介绍了基础知识、汽车电路中常用的电器元件、汽车电路图大致的识读方法使读者能较快且容易地了解汽车电路的组成及基本原理。
●
相关链接 在E读中查询图书 在五车中查询图书 在当当中查询图书 在豆瓣中查询图书


正题名:轻松看懂汽车电路图     索取号:U463.620.2/274         预约/预借

序号 登录号 条形码 馆藏地/架位号 状态 备注
1 0871867   208718672   第二样本阅览室/ [索取号:U463.620.2/274] 在馆    
2 0871868   208718681   密集书库-物理学院/ [索取号:U463.620.2/274] 在馆    
3 0871869   208718690   第三借阅区/ [索取号:U463.620.2/274] 在馆    
4 0871870   208718707   第三借阅区/ [索取号:U463.620.2/274] 在馆    
唐山师范学院图书馆 欢迎您!
大连网信软件有限公司© 版权所有